[Event "Taranto op 1st"]
[Site "Taranto"]
[Date "2002.09.01"]
[Round "6"]
[White "Mrdja, Milan"]
[Black "Shytaj, Carlo"]
[Result "1/2-1/2"]
[WhiteElo "2370"]
[BlackElo "2112"]
[PlyCount "123"]
[EventDate "2002.08.29"]
[EventType "swiss"]
[EventRounds "7"]
[EventCountry "ITA"]
[SourceTitle "EXT 2007"]
[Source "ChessBase"]
[SourceDate "2006.11.23"]
[SourceVersion "1"]
[SourceVersionDate "2006.11.23"]
[SourceQuality "1"]

1. e4 d6 2. d4 Nf6 3. Nc3 g6 4. Bc4 Bg7 5. Bb3 Nc6 6. Nge2 0-0 7. f3 e5 8. Be3 exd4 9. Nxd4 a5 10. a3 Nxd4 11. Bxd4 Be6 12. Bxe6 fxe6 13. Qe2 e5 14. Be3 c6 15. Rd1 Qc7 16. 0-0 b5 17. b3 Rf7 18. Rd2 Nh5 19. Rfd1 Bf8 20. Qf2 Rf6 21. a4 b4 22. Ne2 Qb7 23. Nc1 Re6 24. Ne2 Nf6 25. g4 Ne8 26. Ng3 Rf6 27. Kg2 Nc7 28. Bg5 Rf7 29. Rxd6 Bxd6 30. Rxd6 Raf8 31. Bh6 Re8 32. Qc5 Ne6 33. Qc4 Nd4 34. f4 exf4 35. Rxd4 fxg3 36. hxg3 Qc8 37. Kh3 Re5 38. Qd3 Re8 39. Qc4 Re5 40. Kh4 Qc7 41. Qd3 Re8 42. Rd6 Qe7+ 43. Kh3 Qe5 44. Rxc6 Qa1 45. Qe2 Qh1+ 46. Qh2 Qxe4 47. Qg2 Qxg2+ 48. Kxg2 Re2+ 49. Kh3 Rff2 50. Rc8+ Kf7 51. Rc7+ Ke6 52. g5 Rxc2 53. Rxh7 Rc3 54. Rg7 Rff3 55. Rxg6+ Kd5 56. Ra6 Rxg3+ 57. Kh4 Rxb3 58. Rxa5+ Kc4 59. Ra8 Rh3+ 60. Kg4 Rbg3+ 61. Kf5 b3 62. Bg7 1/2-1/2

[Event "Taranto op 1st"]
[Site "Taranto"]
[Date "2002.08.31"]
[Round "5"]
[White "Shytaj, Carlo"]
[Black "Dragojlovic, Andjelko"]
[Result "1/2-1/2"]
[WhiteElo "2112"]
[BlackElo "2351"]
[PlyCount "58"]
[EventDate "2002.08.29"]
[EventType "swiss"]
[EventRounds "7"]
[EventCountry "ITA"]
[SourceTitle "EXT 2007"]
[Source "ChessBase"]
[SourceDate "2006.11.23"]
[SourceVersion "1"]
[SourceVersionDate "2006.11.23"]
[SourceQuality "1"]

1. e4 c5 2. c3 g6 3. d4 cxd4 4. cxd4 d5 5. e5 Nc6 6. Nc3 Nh6 7. Bb5 Nf5 8. Nge2 e6 9. Bf4 h5 10. Qd2 Bd7 11. Bg5 Be7 12. Bxe7 Qxe7 13. 0-0 h4 14. Ba4 a6 15. Rac1 Qb4 16. Rfd1 b5 17. a3 Qf8 18. Bc2 Nfe7 19. b4 Qh6 20. Bd3 Qxd2 21. Rxd2 0-0 22. Rdc2 Kg7 23. Nb1 g5 24. Nd2 f6 25. Nf3 fxe5 26. Nxe5 Nxe5 27. dxe5 Rfc8 28. Nd4 Rxc2 29. Rxc2 Rc8 1/2-1/2

[Event "Porto San Giorgio op 14th"]
[Site "Porto San Giorgio"]
[Date "2002.08.22"]
[Round "3"]
[White "Shytaj, Carlo"]
[Black "Mrdja, Milan"]
[Result "0-1"]
[WhiteElo "2112"]
[BlackElo "2370"]
[PlyCount "114"]
[EventDate "2002.08.20"]
[EventType "swiss"]
[EventRounds "9"]
[EventCountry "ITA"]
[SourceTitle "CBM 089 Extra"]
[Source "ChessBase"]
[SourceDate "2002.09.10"]
[SourceVersion "2"]
[SourceVersionDate "2002.09.10"]
[SourceQuality "1"]

1. e4 d6 2. d4 Nf6 3. Nc3 e5 4. dxe5 dxe5 5. Qxd8+ Kxd8 6. Bc4 Be6 7. Bxe6 fxe6 8. Be3 Bb4 9. 0-0-0+ Ke7 10. Nge2 a6 11. f3 Nbd7 12. Kb1 b5 13. a3 Bd6 14. Na2 a5 15. Rd2 Rhb8 16. Nec1 Nb6 17. Bf2 Nc4 18. Rd3 h6 19. Nb3 Nd7 20. Rhd1 Rb7 21. Nd2 Rab8 22. Nc1 Ncb6 23. Ncb3 Ra8 24. c3 Ke8 25. Kc2 Be7 26. Nc1 c5 27. Nb1 Rc8 28. g3 b4 29. f4 b3+ 30. Kd2 Nc4+ 31. Ke2 Nxb2 32. Rxd7 Rxd7 33. Rxd7 Kxd7 34. Nxb3 exf4 35. gxf4 Na4 36. Nxa5 Rb8 37. Nd2 Nxc3+ 38. Kd3 Na4 39. Nac4 Bd6 40. e5 Bc7 41. Kc2 Kc6 42. Bg3 Ra8 43. Ne3 Nb6 44. Kb3 Nd5 45. Ndc4 Rb8+ 46. Kc2 Rf8 47. Ng2 g5 48. fxg5 hxg5 49. Nd2 Rf5 50. Nc4 Rf3 51. Kb2 Kb5 52. Nd6+ Bxd6 53. exd6 Kc6 54. Ne1 Re3 55. Kc2 Nf4 56. a4 Kxd6 57. Nd3 e5 0-1

[Event "Salento op 6th"]
[Site "Gallipoli"]
[Date "2001.06.29"]
[Round "1"]
[White "Shytaj, Carlo"]
[Black "Naumkin, Igor"]
[Result "0-1"]
[WhiteElo "1842"]
[BlackElo "2446"]
[PlyCount "48"]
[EventDate "2001.06.29"]
[EventType "swiss"]
[EventRounds "6"]
[EventCountry "ITA"]
[SourceTitle "EXT 2002"]
[Source "ChessBase"]
[SourceDate "2001.11.25"]
[SourceVersion "1"]
[SourceVersionDate "2001.11.25"]
[SourceQuality "1"]

1. e4 e6 2. d4 d5 3. Nd2 Nc6 4. c3 e5 5. exd5 Qxd5 6. Ngf3 exd4 7. Nb3 Qe4+ 8. Be2 dxc3 9. bxc3 Nf6 10. 0-0 Be7 11. Re1 Qa4 12. Bg5 0-0 13. Bd3 Be6 14. Nbd4 Qxd1 15. Raxd1 h6 16. Bh4 Nd8 17. Nxe6 Nxe6 18. Bc4 Rfe8 19. Bxe6 fxe6 20. Rxe6 Bc5 21. Rxe8+ Rxe8 22. Kf1 Ne4 23. Rd7 Bd6 24. Nd4 Nd2+ 0-1